| 000 | 01380nam a2200229 a 4500 | ||
|---|---|---|---|
| 008 | 120416s1982 ||||||||||||||||| || u | ||
| 020 | _a0273012568 | ||
| 050 | _aHF 5635 Pic | ||
| 100 | _aPickles, William | ||
| 245 | 1 | 0 | _aAccountancy |
| 246 | _aA textbook for the professional aacountancy and commercial examinations | ||
| 250 | _a5th ed. | ||
| 260 |
_aLondon _bPitman _c1982 |
||
| 300 | _aix, 0101-3226, 24p. : ill. | ||
| 350 | _a0.00 | ||
| 995 |
_aANNEX COLLECTION (Main Library) _D0.00 _e705738 _FCBU-MAIN LIBRARY (Kitwe) _H1 _I0.00 _jHF 5635 Pic _UAVAILABLE _y006337 _ZAnnex Low-Usage Collection |
||
| 995 |
_aANNEX COLLECTION (Main Library) _D0.00 _e705736 _FCBU-MAIN LIBRARY (Kitwe) _H4 _I0.00 _jHF 5635 Pic _UAVAILABLE _y006338 _ZAnnex Low-Usage Collection |
||
| 995 |
_aTEXTBOOKS (SB) _D0.00 _e1352 _FCBU-SCHOOL TEXTBOOK COLLECTIONS _H1 _I0.00 _jSCHOOL TEXTBOOK _M5 _UAVAILABLE _WSep 15, 2009 _y1352 _ZSchool Collections |
||
| 995 |
_aTEXTBOOKS (SB) _D0.00 _e1533 _FCBU-SCHOOL TEXTBOOK COLLECTIONS _H1 _I0.00 _jSCHOOL TEXTBOOK _M6 _UAVAILABLE _WOct 2, 2009 _y1533 _ZSchool Collections |
||
| 995 |
_aANNEX COLLECTION (Main Library) _D0.00 _e705737 _FCBU-MAIN LIBRARY (Kitwe) _H3 _I0.00 _jHF 5635 Pic _UAVAILABLE _y006339 _ZAnnex Low-Usage Collection |
||
| 995 |
_aANNEX COLLECTION (Main Library) _D0.00 _e705735 _FCBU-MAIN LIBRARY (Kitwe) _H2 _I0.00 _jHF 5635 Pic _UAVAILABLE _y006340 _ZAnnex Low-Usage Collection |
||
| 999 |
_c75569 _d75569 |
||